| 000 | 00344nam a22001457a 4500 | ||
|---|---|---|---|
| 003 | OSt | ||
| 005 | 20160727222345.0 | ||
| 008 | 160621b xxu||||| |||| 00| 0 eng d | ||
| 040 | _cTEST | ||
| 100 |
_9232 _aBhattacharya, S |
||
| 245 | _aExploring Envorenmental | ||
| 260 |
_aN.D _bNCERT _c1987 |
||
| 300 | _aExploring Envorenmental | ||
| 942 |
_2ddc _cBK |
||
| 999 |
_c185 _d185 |
||